Elements of physical georaphy / (Record no. 150708)

MARC details
000 -LEADER
fixed length control field 00581nam a22001937a 4500
005 - DATE AND TIME OF LATEST TRANSACTION
control field 20180411114119.0
010 ## - LCCN (DPL NO)
LC control number ENG-122469
020 ## - INTERNATIONAL STANDARD BOOK NUMBER
International Standard Book Number 9788171391530
Terms of availability 700.00
035 ## - SYSTEM CONTROL NUMBER
System control number EN-106001
037 ## - SOURCE OF ACQUISITION
Source of stock number/acquisition DBAD/PUB
082 ## - DEWEY DECIMAL CLASSIFICATION NUMBER
Classification number 551
100 ## - MAIN ENTRY--PERSONAL NAME
Personal name Jamwal, Anil K.
245 ## - TITLE STATEMENT
Title Elements of physical georaphy /
Statement of responsibility, etc by Anil K. Jamwal
260 ## - PUBLICATION, DISTRIBUTION, ETC. (IMPRINT)
Place of publication, distribution, etc New Delhi
Name of publisher, distributor, etc Jnanada Prakashan (P&D)
Date of publication, distribution, etc 2008
270 ## - ADDRESS
Address 4837/2, 24, Ansari Road, Daryaganj,
City New Delhi
Postal code 110002
300 ## - PHYSICAL DESCRIPTION
Extent 286p.
Other physical details ill.
Dimensions 21cm(Hb)
500 ## - GENERAL NOTE
General note Include bibliography
942 ## - ADDED ENTRY ELEMENTS (KOHA)
Source of classification or shelving scheme Dewey Decimal Classification
Item type English Books
Call number suffix JAM
Classification part 551
Holdings
Withdrawn status Lost status Not for loan Collection code Home library Current library Date acquired Source of acquisition Cost, normal purchase price Full call number Barcode Copy number Cost, replacement price Koha item type
    Not For Loan Non-fiction D.B.Act.Division Patel Nagar 03/04/2018 DBAD/PUB 700.00 551 JAM EN-106001 1 700.00 English Books

© Delhi Public Library
Hit Counter
free hit counter